000 01131cam a22001934a 4500
005 20250605164358.0
008 250528s ||||||||||||||||||||||||d
035 _a24464
040 _aGR-AtMCL
_bgre
_dGR-AtMCL
_eAACR2
245 1 _aΤεχνολογία που Ενισχύει την Ανθρώπινη Εμπειρία και Δημιουργία /
260 _c2016
300 _a42
520 _aΌταν η Δημιουργικότητα Συναντά την Τεχνολογία, Περιεχόμενο και Καινοτομία και Εξέλιξη τα Κλειδιά Επιτυχίας του Newbomb, Επιτέλους η Τεχνολογία Γίνεται Εργαλείο για Μαζικές Εμπειρίες, Το Μέλλον είναι Visual, Οι Πελάτες Κινούνται - Είστε Δίπλα τους, Συγκρατημένα Αισιόδοξη η Διαφημιστική και Marketing Βιομηχανία για το 2016.
700 1 _aΚορδελάς Δημήτρης
_99464
942 _cCR
710 2 _aThe Marketing Week
_99825
999 _c9343
_d9343